Gestión de la producción : (Registro nro. 5014)
[ vista simple ]
| 000 -LEADER | |
|---|---|
| fixed length control field | 01363nam a22002657a 4500 |
| 003 - CONTROL NUMBER IDENTIFIER | |
| control field | PE SENCICO BE |
| 005 - DATE AND TIME OF LATEST TRANSACTION | |
| control field | 20251020182709.0 |
| 008 - FIXED-LENGTH DATA ELEMENTS--GENERAL INFORMATION | |
| fixed length control field | 241204b |||||||| |||| 00| 0 eng d |
| 020 ## - INTERNATIONAL STANDARD BOOK NUMBER | |
| International Standard Book Number | 978-958-867-500-8 |
| 040 ## - CATALOGING SOURCE | |
| Original cataloging agency | PE SENCICO BE |
| Transcribing agency | PE SENCICO BE |
| 041 ## - LANGUAGE CODE | |
| Language code of text/sound track or separate title | spa |
| 082 ## - DEWEY DECIMAL CLASSIFICATION NUMBER | |
| Classification number | 658.5 |
| Item number | G71 |
| 100 1# - MAIN ENTRY--PERSONAL NAME | |
| 9 (RLIN) | 2739 |
| Personal name | González Riesco, Monserrat |
| Relator term | autor |
| 245 1# - TITLE STATEMENT | |
| Title | Gestión de la producción : |
| Remainder of title | como planificar y controlar la producción industrial / |
| Statement of responsibility, etc. | Monserrat González Riesco |
| 250 ## - EDITION STATEMENT | |
| Edition statement | [1a ed.] |
| 260 ## - PUBLICATION, DISTRIBUTION, ETC. | |
| Place of publication, distribution, etc. | Bogotá : |
| Name of publisher, distributor, etc. | Ediciones de la U ; |
| Date of publication, distribution, etc. | 2010 |
| 300 ## - PHYSICAL DESCRIPTION | |
| Extent | 150 p. : |
| Other physical details | graf. ; |
| Dimensions | 24 cm. |
| 440 ## - SERIES STATEMENT/ADDED ENTRY--TITLE | |
| 9 (RLIN) | 2740 |
| Title | Industrial |
| 505 0# - FORMATTED CONTENTS NOTE | |
| Formatted contents note | Planificación agregada y programación de la producción: El sistema de planificación de la producción -- El plan de producción: piedra angular del éxito -- La programación maestra: el compromiso entre el mercado y la empresa -- Planificación de materiales y recursos -- La planificación de la capacidad: los recursos necesarios para relatar el programa maestro de la producción -- Gestión de la capacidad -- El procesos de la planificación de la capacidad -- El control de la actividad de planta. |
| 650 10 - SUBJECT ADDED ENTRY--TOPICAL TERM | |
| 9 (RLIN) | 2729 |
| Topical term or geographic name entry element | Administración de la producción |
| 650 20 - SUBJECT ADDED ENTRY--TOPICAL TERM | |
| 9 (RLIN) | 1316 |
| Topical term or geographic name entry element | Organización industrial |
| 650 20 - SUBJECT ADDED ENTRY--TOPICAL TERM | |
| 9 (RLIN) | 2556 |
| Topical term or geographic name entry element | Productividad industrial |
| 910 ## - USER-OPTION DATA (OCLC) | |
| User-option data | hfp |
| -- | hfp |
| -- | hfp |
| 942 ## - ADDED ENTRY ELEMENTS (KOHA) | |
| Source of classification or shelving scheme | Dewey Decimal Classification |
| Koha item type | Libros |
| Fecha de la última vez que lo usaron | Pago total | Signatura topográfica completa | Código de barras | Precio efectivo desde | Tipo de documento | Estado perdido | Sistema de clasificación | Estado dañado | No es para préstamo | Retirado | Ubicación permanente | Ubicación actual | Fecha de adquisición |
|---|---|---|---|---|---|---|---|---|---|---|---|---|---|
| 04/12/2024 | 658.5/G71 | BibLima24120011 | 04/12/2024 | Libros | Dewey Decimal Classification | Biblioteca Central Lima | Biblioteca Central Lima | 18/11/2024 |